中国地级行政区政府/行署所在县级行政区-无黄框 Counties of the governments of PrefecturesEasy - Statistics

General Stats
  • This quiz has been taken 43 times
  • The average score is 103 of 333
Answer Stats
省级行政区 地级行政区 县级行政区 % Correct
直辖市 北京市 通州区
87%
上海市 黄浦区
87%
重庆市 渝中区
87%
攀枝花市 东区
77%
天津市 河西区
71%
安徽省 合肥市 蜀山区
68%
厦门市 思明区
68%
福建省 福州市 鼓楼区
61%
甘肃省 兰州市 城关区
61%
临夏回族自治州 临夏市
61%
深圳市 福田区
61%
开封市 鼓楼区
61%
恩施土家族苗族自治州 恩施市
61%
海西蒙古族藏族自治州 德令哈市
61%
西藏自治区 拉萨市 城关区
61%
广东省 广州市 越秀区
58%
汕尾市 城区
58%
湘西土家族苗族自治州 吉首市
58%
延边朝鲜族自治州 延吉市
58%
青岛市 市南区
58%
阳泉市 城区
58%
晋城市 城区
58%
浙江省 杭州市 上城区
58%
佛山市 禅城区
55%
黔东南苗族侗族自治州 凯里市
55%
四平市 铁西区
55%
苏州市 姑苏区
55%
玉树藏族自治州 玉树市
55%
芜湖市 鸠江区
52%
甘南藏族自治州 合作市
52%
黔西南布依族苗族自治州 兴义市
52%
黔南布依族苗族自治州 都匀市
52%
河北省 石家庄市 长安区
52%
江苏省 南京市 玄武区
52%
淮安市 淮安区
52%
山东省 济南市 历下区
52%
四川省 成都市 武侯区
52%
阿坝藏族羌族自治州 马尔康市
52%
甘孜藏族自治州 康定市
52%
凉山彝族自治州 西昌市
52%
文山壮族苗族自治州 文山市
52%
大理白族自治州 大理市
52%
迪庆藏族自治州 香格里拉市
52%
珠海市 香洲区
48%
柳州市 城中区
48%
三沙市 西沙区
48%
大兴安岭地区 加格达奇区
48%
无锡市 滨湖区
48%
连云港市 海州区
48%
锡林郭勒盟 锡林浩特市
48%
阿拉善盟 阿拉善左旗
48%
青海省 西宁市 城中区
48%
泰安市 泰山区
48%
昌吉回族自治州 昌吉市
48%
伊犁哈萨克自治州 伊宁市
48%
喀什地区 喀什市
48%
和田地区 和田市
48%
楚雄彝族自治州 楚雄市
48%
德宏傣族景颇族自治州 芒市
48%
马鞍山市 雨山区
45%
黄山市 屯溪区
45%
宣城市 宣州区
45%
酒泉市 肃州区
45%
惠州市 惠城区
45%
清远市 清城区
45%
河南省 郑州市 中原区
45%
湖南省 长沙市 岳麓区
45%
岳阳市 岳阳楼区
45%
呼伦贝尔市 海拉尔区
45%
兴安盟 乌兰浩特市
45%
陕西省 西安市 未央区
45%
塔城地区 塔城市
45%
阿勒泰地区 阿勒泰市
45%
巴音郭楞蒙古自治州 库尔勒市
45%
阿克苏地区 阿克苏市
45%
西双版纳傣族自治州 景洪市
45%
怒江傈僳族自治州 泸水市
45%
宁波市 鄞州区
45%
蚌埠市 蚌山区
42%
张掖市 甘州区
42%
湖北省 武汉市 江岸区
42%
徐州市 云龙区
42%
常州市 新北区
42%
宿迁市 宿城区
42%
德州市 德城区
42%
内江市 市中区
42%
乐山市 市中区
42%
嘉兴市 南湖区
42%
舟山市 定海区
42%
茂名市 茂南区
39%
广西壮族自治区 南宁市 青秀区
39%
廊坊市 广阳区
39%
平顶山市 新华区
39%
南通市 崇川区
39%
扬州市 邗江区
39%
赣州市 章贡区
39%
大连市 西岗区
39%
咸阳市 秦都区
39%
博尔塔拉蒙古自治州 博乐市
39%
克拉玛依市 克拉玛依区
39%
铜陵市 铜官区
35%
亳州市 谯城区
35%
湛江市 赤坎区
35%
云浮市 云城区
35%
唐山市 路北区
35%
荆州市 沙市区
35%
襄阳市 襄城区
35%
鄂州市 鄂城区
35%
通化市 东昌区
35%
镇江市 润州区
35%
江西省 南昌市 红谷滩区
35%
辽宁省 沈阳市 浑南区
35%
鞍山市 铁东区
35%
铁岭市 铁岭县
35%
内蒙古自治区 呼和浩特市 新城区
35%
海南藏族自治州 共和县
35%
淄博市 张店区
35%
自贡市 自流井区
35%
红河哈尼族彝族自治州 蒙自市
35%
台州市 椒江区
35%
泉州市 丰泽区
32%
宁德市 蕉城区
32%
金昌市 金川区
32%
白银市 白银区
32%
武威市 凉州区
32%
潮州市 湘桥区
32%
贵州省 贵阳市 观山湖区
32%
海南省 海口市 秀英区
32%
秦皇岛市 海港区
32%
保定市 竞秀区
32%
张家口市 桥东区
32%
黑龙江省 哈尔滨市 松北区
32%
黑河市 爱辉区
32%
黄冈市 黄州区
32%
常德市 武陵区
32%
泰州市 海陵区
32%
通辽市 科尔沁区
32%
乌兰察布市 集宁区
32%
巴彦淖尔市 临河区
32%
中卫市 沙坡头区
32%
黄南藏族自治州 同仁市
32%
果洛藏族自治州 玛沁县
32%
东营市 东营区
32%
滨州市 滨城区
32%
云南省 昆明市 呈贡区
32%
丽江市 古城区
32%
温州市 鹿城区
32%
绍兴市 越城区
32%
淮南市 田家庵区
29%
阜阳市 颍州区
29%
滁州市 南谯区
29%
池州市 贵池区
29%
漳州市 芗城区
29%
三明市 三元区
29%
陇南市 武都区
29%
肇庆市 端州区
29%
河源市 源城区
29%
揭阳市 榕城区
29%
北海市 海城区
29%
防城港市 港口区
29%
三亚市 吉阳区
29%
许昌市 魏都区
29%
牡丹江市 东安区
29%
佳木斯市 郊区
29%
大庆市 萨尔图区
29%
孝感市 孝南区
29%
盐城市 盐都区
29%
乌海市 海勃湾区
29%
海东市 乐都区
29%
海北藏族自治州 海晏县
29%
烟台市 莱山区
29%
威海市 环翠区
29%
山西省 太原市 杏花岭区
29%
克孜勒苏柯尔克孜自治州 阿图什市
29%
普洱市 思茅区
29%
金华市 婺城区
29%
安庆市 宜秀区
26%
莆田市 城厢区
26%
平凉市 崆峒区
26%
汕头市 金平区
26%
梅州市 梅江区
26%
阳江市 江城区
26%
毕节市 七星关区
26%
沧州市 运河区
26%
衡水市 桃城区
26%
鸡西市 鸡冠区
26%
鹤岗市 向阳区
26%
张家界市 永定区
26%
吉林省 长春市 南关区
26%
丹东市 振兴区
26%
包头市 九原区
26%
赤峰市 松山区
26%
鄂尔多斯市 康巴什区
26%
宁夏回族自治区 银川市 金凤区
26%
日照市 东港区
26%
聊城市 东昌府区
26%
临沂市 兰山区
26%
阿里地区 噶尔县
26%
哈密市 伊州区
26%
淮北市 相山区
23%
宿州市 埇桥区
23%
六安市 金安区
23%
天水市 秦州区
23%
江门市 蓬江区
23%
崇左市 江州区
23%
河池市 宜州区
23%
伊春市 伊美区
23%
衡阳市 蒸湘区
23%
娄底市 娄星区
23%
永州市 冷水滩区
23%
怀化市 鹤城区
23%
白城市 洮北区
23%
宜春市 袁州区
23%
吉安市 吉州区
23%
九江市 浔阳区
23%
营口市 西市区
23%
盘锦市 大洼区
23%
枣庄市 薛城区
23%
大同市 平城区
23%
朔州市 朔城区
23%
运城市 盐湖区
23%
延安市 宝塔区
23%
榆林市 榆阳区
23%
眉山市 东坡区
23%
日喀则市 桑珠孜区
23%
新疆维吾尔自治区 乌鲁木齐市 水磨沟区
23%
吐鲁番市 高昌区
23%
昭通市 昭阳区
23%
湖州市 吴兴区
23%
衢州市 衢江区
23%
龙岩市 新罗区
19%
南平市 建阳区
19%
定西市 安定区
19%
庆阳市 西峰区
19%
韶关市 浈江区
19%
钦州市 钦北区
19%
贵港市 港北区
19%
六盘水市 钟山区
19%
承德市 双桥区
19%
洛阳市 洛龙区
19%
新乡市 红旗区
19%
焦作市 解放区
19%
南阳市 卧龙区
19%
齐齐哈尔市 建华区
19%
十堰市 茅箭区
19%
咸宁市 咸安区
19%
湘潭市 岳塘区
19%
松原市 宁江区
19%
上饶市 信州区
19%
萍乡市 安源区
19%
新余市 渝水区
19%
固原市 原州区
19%
济宁市 任城区
19%
吕梁市 离石区
19%
晋中市 榆次区
19%
雅安市 雨城区
19%
玉溪市 红塔区
19%
临沧市 临翔区
19%
梧州市 长洲区
16%
安顺市 西秀区
16%
鹤壁市 淇滨区
16%
随州市 曾都区
16%
株洲市 天元区
16%
郴州市 北湖区
16%
吉林市 船营区
16%
辽源市 龙山区
16%
白山市 浑江区
16%
抚州市 临川区
16%
景德镇市 昌江区
16%
抚顺市 顺城区
16%
锦州市 太和区
16%
葫芦岛市 龙港区
16%
石嘴山市 大武口区
16%
吴忠市 利通区
16%
菏泽市 牡丹区
16%
忻州市 忻府区
16%
铜川市 耀州区
16%
商洛市 商州区
16%
绵阳市 涪城区
16%
曲靖市 麒麟区
16%
保山市 隆阳区
16%
丽水市 莲都区
16%
桂林市 临桂区
13%
来宾市 兴宾区
13%
贺州市 八步区
13%
百色市 右江区
13%
遵义市 汇川区
13%
铜仁市 碧江区
13%
邢台市 襄都区
13%
周口市 川汇区
13%
驻马店市 驿城区
13%
双鸭山市 尖山区
13%
绥化市 北林区
13%
黄石市 下陆区
13%
宜昌市 西陵区
13%
荆门市 东宝区
13%
邵阳市 大祥区
13%
益阳市 赫山区
13%
朝阳市 双塔区
13%
潍坊市 奎文区
13%
渭南市 临渭区
13%
汉中市 汉台区
13%
安康市 汉滨区
13%
泸州市 江阳区
13%
广元市 利州区
13%
遂宁市 船山区
13%
资阳市 雁江区
13%
达州市 通川区
13%
广安市 广安区
13%
巴中市 巴州区
13%
山南市 乃东区
13%
林芝市 巴宜区
13%
玉林市 玉州区
10%
邯郸市 丛台区
10%
安阳市 文峰区
10%
濮阳市 华龙区
10%
三门峡市 湖滨区
10%
商丘市 睢阳区
10%
七台河市 桃山区
10%
鹰潭市 月湖区
10%
本溪市 平山区
10%
阜新市 细河区
10%
临汾市 尧都区
10%
宝鸡市 金台区
10%
德阳市 旌阳区
10%
宜宾市 叙州区
10%
漯河市 郾城区
6%
信阳市 平桥区
6%
辽阳市 文圣区
6%
长治市 潞州区
6%
南充市 顺庆区
6%
昌都市 卡若区
6%
那曲市 色尼区
6%
No matching quizzes found
Score Distribution
Percent of People with Each Score
Percentile by Number Answered
Your Score History
You have not taken this quiz